000 00638nam a2200229Ia 4500
003 OSt
005 20221005121926.0
006 a|||||r|||| 00| 0
007 ta
008 221004b |||||||| |||| 00| 0 eng d
024 _a57047
037 _cTextual
040 _aCRL
_cCRL
_beng
041 _2eng
_aeng
082 _aV2:1:M58, A
100 _aMills Arthur
_999989
245 0 _aIndia in 1858
_b A summary of the existing administration, political fiscal and judicial of British India.
260 _c1870
650 _aHISTORY
942 _hV2:1:M58, A
_cTEXL
_2cc
999 _c1042717
_d1042717